Raja v Lloyds TSB Bank plc (Record no. 67216)
[ view plain ]
| 000 -LEADER | |
|---|---|
| fixed length control field | 01476cam a2200229 4500 |
| 001 - CONTROL NUMBER | |
| control field | ABS63990 |
| 008 - FIXED-LENGTH DATA ELEMENTS--GENERAL INFORMATION | |
| fixed length control field | 000000n2001 000 0 eng u |
| 035 ## - SYSTEM CONTROL NUMBER | |
| System control number | (Sirsi) u112917 |
| 245 ## - TITLE STATEMENT | |
| Title | Raja v Lloyds TSB Bank plc |
| 260 ## - PUBLICATION, DISTRIBUTION, ETC. | |
| Date of publication, distribution, etc. | 2001 |
| 490 ## - SERIES STATEMENT | |
| Series statement | Estates Gazette |
| Volume/sequential designation | [2001] 19 EG 143-147(5) |
| 520 ## - SUMMARY, ETC. | |
| Summary, etc. | ChD 19 April 2000. The claimant (R) owned four properties which he charged to the defendant bank (L). Three of the properties were later repossessed and sold. R issued proceedings alleging L had sold the properties at an undervalue and paid too much of the sale proceeds to a subsequent chargee. In defence, R inferred that allegations regarding excessive expenses and marketing were statute barred. It was ordered that the statement of claim, the claim, and R's application requesting the striking out of parts of the defence all be struck out pursuant to the Civil Procedure Rules. R appealed. The appeal was dismissed on the following grounds: the duty of a mortagee to a mortagor relating to the sale of mortgaged property is not contractual; in accordance with the Limitation Act 1980 s36 R's claim was statute-barred; L was entitled to pay some of the sale proceeds to a subsequent chargee. |
| 590 ## - LOCAL NOTE (RLIN) | |
| Local note | ABS |
| 650 ## - SUBJECT ADDED ENTRY--TOPICAL TERM | |
| Topical term or geographic name entry element | SALE OF PROPERTY |
| 650 ## - SUBJECT ADDED ENTRY--TOPICAL TERM | |
| Topical term or geographic name entry element | CIVIL PROCEDURE RULES |
| 650 ## - SUBJECT ADDED ENTRY--TOPICAL TERM | |
| Topical term or geographic name entry element | RAJA V LLOYDS BANK PLC |
| 650 ## - SUBJECT ADDED ENTRY--TOPICAL TERM | |
| Topical term or geographic name entry element | LIMITATION ACT 1980 |
| 650 ## - SUBJECT ADDED ENTRY--TOPICAL TERM | |
| Topical term or geographic name entry element | MORTGAGES |
| 650 ## - SUBJECT ADDED ENTRY--TOPICAL TERM | |
| Topical term or geographic name entry element | STRIKING OUT |
| 690 ## - LOCAL SUBJECT ADDED ENTRY--TOPICAL TERM (OCLC, RLIN) | |
| Topical term or geographic name as entry element | HOUSING-CASE LAW |
| 942 ## - ADDED ENTRY ELEMENTS (KOHA) | |
| Suppress in OPAC | 0 |
| Withdrawn status | Lost status | Source of classification or shelving scheme | Damaged status | Not for loan | Home library | Current library | Shelving location | Date acquired | Total Checkouts | Full call number | Barcode | Date last seen | Copy number | Price effective from | Koha item type |
|---|---|---|---|---|---|---|---|---|---|---|---|---|---|---|---|
| Dewey Decimal Classification | London | London | Journal article | 01/06/2001 | ABS63990 | 112917-1001 | 06/08/2019 | 1 | 06/08/2019 | Law report |